000 00307nam a22001457a 4500
008 231124b ||||| |||| 00| 0 eng d
020 _a052134428X
041 _aeng
080 _a101
082 _a101FOR
100 _a44
101 _aFILOZ
245 _aWHEN DID I BEGIN
_cFORD .M.N
942 _2udc
_cBK
999 _c60501
_d60501